European politics today / (Record no. 110139)

MARC details
000 -LEADER
campo de control de longitud fija 00506nam a2200181 4500
001 - NÚMERO DE CONTROL
campo de control 17367
005 - FECHA Y HORA DE LA ÚLTIMA TRANSACCIÓN
campo de control 20230411085950.0
008 - DATOS DE LONGITUD FIJA--INFORMACIÓN GENERAL
campo de control de longitud fija 060907n1997 dr spa
020 ## - NÚMERO INTERNACIONAL ESTÁNDAR DEL LIBRO
Número Internacional Estándar del Libro 0719043638
035 ## - NÚMERO DE CONTROL DEL SISTEMA
-- funglode17503
041 ## - CÓDIGO DE IDIOMA
Código de lengua del texto/banda sonora o título independiente EN
100 ## - ENTRADA PRINCIPAL--NOMBRE DE PERSONA
Nombre de persona Roberts, Geoffrey K.
245 1# - MENCIÓN DEL TÍTULO
Título European politics today /
Mención de responsabilidad, etc. Geoffrey K. Roberts, Patricia Hogwood
260 ## - PUBLICACIÓN, DISTRIBUCIÓN, ETC.
Lugar de publicación, distribución, etc. New York :
Nombre del editor, distribuidor, etc. Manchester University Press,
Fecha de publicación, distribución, etc. 1997
300 ## - DESCRIPCIÓN FÍSICA
Extensión xii, 394 p.
700 ## - ENTRADA AGREGADA--NOMBRE PERSONAL
Nombre de persona Hogwood, Patricia
942 ## - ELEMENTOS DE ENTRADA SECUNDARIOS (KOHA)
Fuente del sistema de clasificación o colocación Clasificación de Library of Congress
Tipo de ítem Koha
Holdings
Estatus retirado Estado de pérdida Fuente del sistema de clasificación o colocación Estado de daño No para préstamo Colección Biblioteca de origen Biblioteca actual Ubicación en estantería Fecha de adquisición Código de barras Visto por última vez Copia número Tipo de ítem Koha
    Clasificación de Library of Congress     Automatización y Procesos Técnicos Biblioteca Juan Bosch Biblioteca Juan Bosch Automatización y Procesos Técnicos (1er. Piso) 17/02/2019 00000014268 17/02/2019 1